| 000 | 00959nam a22002177a 4500 | ||
|---|---|---|---|
| 999 |
_c207 _d207 |
||
| 003 | AR-CdUCM | ||
| 008 | 190222b ||||| |||| 00| 0 spa d | ||
| 040 |
_aMUNICIPALIDAD PROVINCIAL DEL CUSCO _cBIBLIOTECA MUNICIPAL DEL CUSCO |
||
| 082 |
_a869.568 / _bV19 |
||
| 100 |
_aValdelomar, Abraham _9928 |
||
| 245 |
_aObras textos y dibujos / _cValdelomar, Abraham ; Sanchez, Luis Alberto (prólogo) ; Pinto Gamboa, Willy (reunidos) |
||
| 260 |
_aLima - Perú : _bEd. Pizarro, _c1979. |
||
| 300 |
_a913 páginas ; _bilustraciones, _c21 cm. |
||
| 505 | _aCuentos peruanos del Siglo XX -- Poesías peruanas del Siglo XX -- Novelas peruanas del Siglo XX -- Ensayos peruanos del Siglo XX -- Caricaturas y dibujos humorísticos ... | ||
| 650 |
_aLiteratura Peruana. _9132 |
||
| 650 |
_aPoemas. _9929 |
||
| 650 |
_aNarraciones. _9930 |
||
| 700 |
_aSanchez, Luis Alberto (prólogo) ; Pinto Gamboa, Willy (reunidos) _9931 |
||
| 942 |
_2ddc _cLIBROS |
||
| 945 |
_aachl _d2019-02-22 |
||